01340njm a2200289Ia 450000100060000000300090000600500170001500800410003204000130007304000130008604100130009910000160011210000180012810000380014624500190018425000110020326000080021426000610022230000170028350000740030050503750037451100430074965000620079270000820085470000520093670000620098890823IT-RoPAU20220918181215.0131025s9999 xx 000 0 und d aIT-RoPAU cIT-RoPAU aITALIANO aMenken Alan eAutore musica gCodice autore musica SPICS: 32927 aSirenetta (La) a1a ed. aUSA bDISNEY WALTc1990 [1a Ed.:1989 - Ed. Lingua Orig.: 1989] aCOMPACT DISC aColonna sonora originale del film omonimo. Testi italiani di Ermavilo aLa canzone dei marinai - La riscossa di Eric - Tema conduttore - Gran finale - Fanfara - Le figlie di Tritone - La sirenetta - In fondo al mar - La canzone di Ursula - Les poissons - Baciala - Fuochi d'artificio - Il ballo dei marinai - La tempesta - La distruzione della grotta - Flotsam e Jetsam - In giro per il regno - E' ora di coricarsi - L'annuncio del matrimonio aDirettore d'orchestra: Redoford J.A.C. aCOLONNA SONORA [COMPACT DISC]eCodice MATERIA SPICS: 9949 aAshman HowardeAutore testo e musicagCodice autore testo/musica SPICS: 32928 aMenken AlangCodice autore SPICS: 32927eAutore aAshman HowardeInterpretegCodice interprete SPICS: 32928